<?xml version="1.0" encoding="UTF-8"?>
<collection xmlns="http://www.loc.gov/MARC21/slim">
 <record>
  <leader>01709nam a2200241 a 4500</leader>
  <controlfield tag="001">TVCDKTCT24006</controlfield>
  <controlfield tag="003">Thư viện trường Cao đẳng Kỹ thuật Cao Thắng</controlfield>
  <controlfield tag="005">20150324140955.7</controlfield>
  <controlfield tag="008">050728</controlfield>
  <datafield tag="980" ind1="\" ind2="\">
   <subfield code="a">Thư viện Trường CĐ Kỹ Thuật Cao Thắng</subfield>
  </datafield>
  <datafield tag="024" ind1=" " ind2=" ">
   <subfield code="a">RG_1 #1 eb0</subfield>
  </datafield>
  <datafield tag="020" ind1="#" ind2="#">
   <subfield code="a">204026</subfield>
  </datafield>
  <datafield tag="041" ind1="0" ind2="#">
   <subfield code="a">vie</subfield>
  </datafield>
  <datafield tag="082" ind1="#" ind2="#">
   <subfield code="a">629.28 / </subfield>
   <subfield code="b">NG527C-t</subfield>
  </datafield>
  <datafield tag="100" ind1="1" ind2="#">
   <subfield code="a">Phạm Tố Như</subfield>
  </datafield>
  <datafield tag="245" ind1="0" ind2="0">
   <subfield code="a">Giáo trình Công nghệ Ô tô : (Phần Truyền lực) dùng cho trình độ trung cấp nghề và cao đẳng nghề / </subfield>
   <subfield code="c">Phạm Tố Như, Nguyễn Đức Nam, Hoàng Văn Ba, Hoàng Văn Thông, Vũ Quang Huy, Đinh Quang Vinh, Phạm Ngọc Anh, Trần Nam Toàn, Lê Đình Đạt, Hà Thanh Sơn, Nguyễn Xuân Sơn, Nguyễn Thành Trung, Nguyễn Thái Sơn, Vũ Quang Anh, NGuyễn Văn Thông</subfield>
  </datafield>
  <datafield tag="250" ind1="#" ind2="#">
   <subfield code="a">In lần thứ 1</subfield>
  </datafield>
  <datafield tag="260" ind1="#" ind2="#">
   <subfield code="a">H. : </subfield>
   <subfield code="b">Lao động Kỹ thuật , </subfield>
   <subfield code="c">2012</subfield>
  </datafield>
  <datafield tag="300" ind1="#" ind2="#">
   <subfield code="a">254tr. ; </subfield>
   <subfield code="c">24cm</subfield>
  </datafield>
  <datafield tag="520" ind1="#" ind2="#">
   <subfield code="a">Bộ giáo trình gồm 6 cuốn1.Giáo trình Công nghệ Ô tô- Phần Động cơ2.Giáo trình Công nghệ Ô tô- Phần Nhiên liệu3.Giáo  trình Công nghệ Ô tô- Phần Điện4. Giáo trình Công nghệ Ô tô - Phần Truyền lực5. Giáo trình Công nghệ ô tô - Phần hệ thống phanh6. Giáo trình công nghệ ô tô - Phần Chẩn đoán tình trạng kỹ thuật Động cơ và Công nghệ phục hồi chi tiết</subfield>
  </datafield>
  <datafield tag="650" ind1="#" ind2="4">
   <subfield code="a">Cơ khí</subfield>
  </datafield>
  <datafield tag="650" ind1="#" ind2="4">
   <subfield code="a">Ô tô--Máy móc</subfield>
  </datafield>
  <datafield tag="700" ind1="0" ind2="#">
   <subfield code="a">Nguyễn Hữu Cẩn, </subfield>
   <subfield code="e">Tác giả</subfield>
  </datafield>
 </record>
</collection>
